000 00780nam a2200253 i 4500
001 12916
003 ES-MaACL
005 20251220205444.0
007 t|
008 971013s1996 sp ||||1| spa d
020 _a84-7658-489-X
080 _a159.964.2
245 0 3 _aEl psicoanálisis en la actualidad /
_cMª.V. Abaurrea... [et al.] ; José L. Slimobich (comp.).
250 _a1ª ed.
260 _aBarcelona :
_bAnthropos,
_c1996.
300 _a111 p. ;
_c18 cm.
490 1 _aBiblioteca A. Conciencia ;
_v21
650 1 4 _aPsicoanálisis.
_916530
700 1 _aAbaurrea, María V.,
_917988
700 0 _aSlimobich, José León
_9106785
830 0 _aBiblioteca A. Conciencia ;
_v21
_9179400
852 _aES-MaACL
_jL-20346
_bR.125365
999 _c12916
_d12916